Baltimore Ravens Coaching Staff Since 2000 - Statistics

General Stats
  • This quiz has been taken 9 times
  • The average score is 30 of 105
Answer Stats
Hint Answer % Correct
2008 HC John Harbaugh
100%
2009 HC John Harbaugh
100%
2010 HC John Harbaugh
100%
2011 HC John Harbaugh
100%
2012 HC John Harbaugh
100%
2013 HC John Harbaugh
100%
2014 HC John Harbaugh
100%
2015 HC John Harbaugh
100%
2016 HC John Harbaugh
100%
2017 HC John Harbaugh
100%
2018 HC John Harbaugh
100%
2019 HC John Harbaugh
100%
2020 HC John Harbaugh
100%
2021 HC John Harbaugh
100%
2022 HC John Harbaugh
100%
2023 HC John Harbaugh
100%
2024 HC John Harbaugh
100%
2025 HC John Harbaugh
100%
2000 HC Brian Billick
67%
2001 HC Brian Billick
67%
2002 HC Brian Billick
67%
2003 HC Brian Billick
67%
2004 HC Brian Billick
67%
2005 HC Brian Billick
67%
2006 HC Brian Billick
67%
2007 HC Brian Billick
67%
2024 DC Zach Orr
56%
2025 DC Zach Orr
56%
2023 OC Todd Monken
44%
2024 OC Todd Monken
44%
2025 OC Todd Monken
44%
2022 DC Mike Macdonald
33%
2023 DC Mike Macdonald
33%
2018 OC* Greg Roman
22%
2019 OC Greg Roman
22%
2020 OC Greg Roman
22%
2021 OC Greg Roman
22%
2022 OC Greg Roman
22%
2005 DC Rex Ryan
22%
2006 DC Rex Ryan
22%
2007 DC Rex Ryan
22%
2008 DC Rex Ryan
22%
2008 OC Cam Cameron
11%
2009 OC Cam Cameron
11%
2010 OC Cam Cameron
11%
2011 OC Cam Cameron
11%
2012 OC Cam Cameron
11%
2019 STC Chris Horton
11%
2020 STC Chris Horton
11%
2021 STC Chris Horton
11%
2022 STC Chris Horton
11%
2023 STC Chris Horton
11%
2024 STC Chris Horton
11%
2025 STC Chris Horton
11%
2014 OC Gary Kubiak
11%
2000 DC Marvin Lewis
11%
2001 DC Marvin Lewis
11%
2011 DC Chuck Pagano
0%
2012 DC Dean Pees
0%
2013 DC Dean Pees
0%
2014 DC Dean Pees
0%
2015 DC Dean Pees
0%
2016 DC Dean Pees
0%
2017 DC Dean Pees
0%
2018 DC Don Martindale
0%
2019 DC Don Martindale
0%
2020 DC Don Martindale
0%
2021 DC Don Martindale
0%
2006 STC Frank Gansz Jr./Frank Gansz
0%
2007 STC Frank Gansz Jr./Frank Gansz
0%
2002 STC Gary Zauner
0%
2003 STC Gary Zauner
0%
2004 STC Gary Zauner
0%
2009 DC Greg Mattison
0%
2010 DC Greg Mattison
0%
2005 STC Greg Zauner
0%
2008 STC Jerry Rosburg
0%
2009 STC Jerry Rosburg
0%
2010 STC Jerry Rosburg
0%
2011 STC Jerry Rosburg
0%
2012 STC Jerry Rosburg
0%
2013 STC Jerry Rosburg
0%
2014 STC Jerry Rosburg
0%
2015 STC Jerry Rosburg
0%
2016 STC Jerry Rosburg
0%
2017 STC Jerry Rosburg
0%
2018 STC Jerry Rosburg
0%
2013 OC Jim Caldwell
0%
2005 OC Jim Fassel
0%
2006 OC Jim Fassel
0%
2015 OC Marc Trestman
0%
2016 OC Marc Trestman
0%
2017 OC Marty Mornhinweg
0%
2018 OC Marty Mornhinweg
0%
2000 OC Matt Cavanaugh
0%
2001 OC Matt Cavanaugh
0%
2002 OC Matt Cavanaugh
0%
2003 OC Matt Cavanaugh
0%
2004 OC Matt Cavanaugh
0%
2002 DC Mike Nolan
0%
2003 DC Mike Nolan
0%
2004 DC Mike Nolan
0%
2007 OC Rick Neuheisel
0%
2000 STC Russ Purnell
0%
2001 STC Russ Purnell
0%
No matching quizzes found
Score Distribution
Percent of People with Each Score
Percentile by Number Answered
Your Score History
You have not taken this quiz